[Event "ROM-ch U10"]
[Site "Calimanesti Caciulata"]
[Date "2019.04.22"]
[Round "9"]
[White "Moroita, Vlad"]
[Black "Asavinei, Rares Adrian"]
[Result "1/2-1/2"]
[WhiteElo "1112"]
[BlackElo "1027"]
[PlyCount "97"]
[EventDate "2019.04.15"]
[EventType "swiss"]
[EventRounds "9"]
[EventCountry "ROU"]
[SourceTitle "CBM 190 Extra"]
[Source "ChessBase"]
[SourceDate "2019.07.15"]
[SourceVersion "1"]
[SourceVersionDate "2019.07.15"]
[SourceQuality "1"]

1. d4 d5 2. c4 e6 3. Bf4 Nf6 4. e3 Be7 5. Nc3 0-0 6. Nf3 dxc4 7. Bxc4 a6 8. 0-0 b5 9. Bd3 Bb7 10. Re1 Nbd7 11. a3 c5 12. dxc5 Nxc5 13. Bc2 Qb6 14. Ne5 Rfd8 15. Qe2 Rac8 16. Rad1 h6 17. f3 Qa7 18. Rxd8+ Rxd8 19. b4 Ncd7 20. Rd1 Nxe5 21. Rxd8+ Bxd8 22. Bxe5 Nd5 23. Nxd5 Bxd5 24. Bd4 Qc7 25. Qd3 g6 26. e4 Bc4 27. Qc3 Qe7 28. Bd3 Bxd3 29. Qxd3 Qc7 30. Qc3 Qxc3 31. Bxc3 Bb6+ 32. Kf1 Be3 33. Bb2 Kh7 34. g3 h5 35. Kg2 f5 36. exf5 exf5 37. f4 g5 38. fxg5 Bxg5 39. Kf3 Kg6 40. h3 Kf7 41. g4 hxg4+ 42. hxg4 Ke6 43. gxf5+ Kxf5 44. Ke2 Ke4 45. Kd1 Kd3 46. Bg7 Bd2 47. Bb2 Bc3 48. Kc1 Bxb2+ 49. Kxb2 1/2-1/2

[Event "ROM-ch U08"]
[Site "Calimanesti"]
[Date "2018.04.02"]
[Round "8"]
[White "Matei Catruna, Andrei"]
[Black "Asavinei, Rares Adrian"]
[Result "0-1"]
[WhiteElo "1002"]
[BlackElo "1098"]
[PlyCount "136"]
[EventDate "2018.03.27"]
[EventType "swiss"]
[EventRounds "9"]
[EventCountry "ROU"]
[SourceTitle "CBM 183 Extra"]
[Source "ChessBase"]
[SourceDate "2018.04.19"]
[SourceVersion "1"]
[SourceVersionDate "2018.04.19"]
[SourceQuality "1"]

1. e4 c5 2. Nf3 Nc6 3. Bb5 e6 4. c3 Nf6 5. e5 Ng4 6. d4 d5 7. 0-0 Be7 8. h3 Nh6 9. Bxh6 gxh6 10. Bxc6+ bxc6 11. Qd2 Bg5 12. Nxg5 hxg5 13. f3 Ba6 14. Rf2 Rg8 15. Qd1 h5 16. f4 g4 17. hxg4 hxg4 18. Rc2 Rh8 19. Kf2 Qh4+ 20. g3 Qh2+ 21. Ke1 Qh1+ 22. Kd2 Rh2+ 23. Kc1 Qxd1+ 24. Kxd1 Rh1+ 25. Kd2 Rh2+ 26. Kd1 Rxc2 27. Kxc2 0-0-0 28. Nd2 Rh8 29. Rg1 Rh2 30. a3 Be2 31. b4 cxb4 32. axb4 Bf3 33. Kd3 f5 34. exf6 Be2+ 35. Ke3 Bc4 36. Nxc4 dxc4 37. Re1 Kd7 38. Re2 Rh7 39. Ke4 Kd6 40. f5 Rf7 41. Kf4 Rxf6 42. Kxg4 Rxf5 43. Rg2 Rf6 44. Kg5 Rf3 45. Kh4 Rxc3 46. g4 Ke7 47. g5 Kf7 48. g6+ Kg7 49. Kh5 Re3 50. Rf2 Rh3+ 51. Kg5 Rg3+ 52. Kh5 Rxg6 53. Rc2 Kf6 54. Rxc4 Kf5 55. Rc2 Rg8 56. Rf2+ Ke4 57. Rf6 Kxd4 58. Rxe6 Kc4 59. Rxc6+ Kxb4 60. Ra6 Ra8 61. Kg6 Kb5 62. Ra1 a5 63. Kf5 a4 64. Ke4 Kc4 65. Ke3 Kc3 66. Ke2 a3 67. Kd1 Kb2 68. Rxa3 Rxa3 0-1

[Event "ROM-ch U08"]
[Site "Calimanesti"]
[Date "2018.03.29"]
[Round "3"]
[White "Asavinei, Rares Adrian"]
[Black "Savu, Victor Xavier"]
[Result "1-0"]
[WhiteElo "1098"]
[BlackElo "1078"]
[PlyCount "67"]
[EventDate "2018.03.27"]
[EventType "swiss"]
[EventRounds "9"]
[EventCountry "ROU"]
[SourceTitle "CBM 183 Extra"]
[Source "ChessBase"]
[SourceDate "2018.04.19"]
[SourceVersion "1"]
[SourceVersionDate "2018.04.19"]
[SourceQuality "1"]

1. d4 d5 2. c4 e6 3. Nc3 Nf6 4. Bg5 Nbd7 5. e3 Be7 6. Bd3 0-0 7. Nf3 b6 8. 0-0 Bb7 9. Bxf6 Nxf6 10. Re1 Rc8 11. cxd5 exd5 12. e4 dxe4 13. Nxe4 Nxe4 14. Bxe4 Bxe4 15. Rxe4 Bf6 16. Qd3 c5 17. d5 Bxb2 18. Rb1 Bf6 19. Rg4 Qd7 20. Ng5 Bxg5 21. Rxg5 c4 22. Qc2 Rfe8 23. Qc3 f6 24. Rh5 Qf7 25. Qf3 Qg6 26. Rd1 Rcd8 27. Rc1 a5 28. h3 b5 29. Rh4 Qg5 30. Rf4 Rxd5 31. h4 Qh6 32. Qxd5+ Kh8 33. Qxb5 Rc8 34. Rcxc4 1-0

[Event "ROM-ch U08"]
[Site "Calimanesti"]
[Date "2018.03.27"]
[Round "1"]
[White "Asavinei, Rares Adrian"]
[Black "Baescu, Matei Ioan"]
[Result "1-0"]
[WhiteElo "1098"]
[BlackElo "1006"]
[PlyCount "65"]
[EventDate "2018.03.27"]
[EventType "swiss"]
[EventRounds "9"]
[EventCountry "ROU"]
[SourceTitle "CBM 183 Extra"]
[Source "ChessBase"]
[SourceDate "2018.04.19"]
[SourceVersion "1"]
[SourceVersionDate "2018.04.19"]
[SourceQuality "1"]

1. d4 d6 2. c4 e5 3. Nc3 exd4 4. Qxd4 c5 5. Qd1 Nc6 6. Nf3 Qe7 7. Nd5 Qd7 8. e3 b6 9. Bd3 Bb7 10. 0-0 0-0-0 11. Qc2 g6 12. b3 Nb4 13. Nxb4 cxb4 14. Be4 Re8 15. Bxb7+ Qxb7 16. Bb2 f6 17. Rad1 Qe4 18. Qxe4 Rxe4 19. Ng5 fxg5 20. Bxh8 Ne7 21. Bf6 h6 22. Bxe7 Bxe7 23. Rd4 Re5 24. Re1 h5 25. f3 Bd8 26. Rxd6 b5 27. Red1 Bb6 28. Kf1 Bxe3 29. Rxg6 Bf4 30. Rc6+ Kb7 31. Rg6 Bxh2 32. Rd7+ Kc8 33. Rf7 1-0